| 000 | 00000nam 2200000zi 4500 |
| 001 | 9.938644 |
| 003 | CaOODSP |
| 005 | 20250107144059 |
| 006 | m o d f |
| 007 | cr |n||||||||| |
| 008 | 240524s1976 oncd obs f000 0|eng d |
| 040 | |aCaOODSP|beng|erda|cCaOODSP |
| 043 | |an-cn--- |
| 086 | 1 |aC23-315/1976E-PDF |
| 245 | 02|aA statistical profile of the sporting goods industry in Canada. |
| 264 | 1|aOttawa : |bIndustry, Trade and Commerce, Textiles and Consumer Products Branch = Industrie et Commerce, Direction des textiles et des produits de consommation, |c1976. |
| 300 | |a1 online resource (143 pages) : |bgraphs |
| 336 | |atext|btxt|2rdacontent |
| 337 | |acomputer|bc|2rdamedia |
| 338 | |aonline resource|bcr|2rdacarrier |
| 500 | |aDigitized edition from print [produced by Innovation, Science and Economic Development Canada]. |
| 500 | |aIssued also in French under title: Principales données statistiques sur l'industrie des articles de sport. |
| 504 | |aIncludes bibliographical references. |
| 650 | 0|aSporting goods industry|zCanada|vStatistics. |
| 655 | 7|aStatistics|2lcgft |
| 710 | 1 |aCanada. |bIndustry, Trade and Commerce, |eissuing body. |
| 775 | 08|tPrincipales données statistiques sur l'industrie des articles de sport.|w(CaOODSP)9.945432 |
| 856 | 40|qPDF|s3.02 MB|uhttps://publications.gc.ca/collections/collection_2024/isde-ised/c23/C23-315-1976-eng.pdf |